| 000 | 00741nam a22002657a 4500 | ||
|---|---|---|---|
| 001 | 37302 | ||
| 003 | UA-OsUOA | ||
| 005 | 20200205195314.0 | ||
| 007 | ta | ||
| 008 | 20060302b un ||||| |||| 00| 0 ukr d | ||
| 020 | _a966574674Х | ||
| 040 |
_aUA-OsUOA _bukr _cUA-OsUOA _dUA-OsUOA |
||
| 041 | _aukr | ||
| 080 | _a336.717.16:657 | ||
| 090 |
_a336.717.16:657 _bК89 |
||
| 100 | _aКузьмінська О. Е. | ||
| 245 |
_aЗвітність банків _bнавч.-метод. посіб. |
||
| 260 |
_aК. _bКНЕУ _c2004 |
||
| 300 | _a457 с. | ||
| 650 | 7 |
_a336 Фінанси _2UDC |
|
| 700 | _aКириленко В.Б. | ||
| 942 |
_cBK _2udc |
||
| 955 | _a2 | ||
| 999 |
_c323502 _d323502 |
||